| 000 | 00561nam a22001937a 4500 | ||
|---|---|---|---|
| 003 | OSt | ||
| 005 | 20140311163000.0 | ||
| 008 | 130304t xxu||||| |||| 00| 0 eng d | ||
| 020 | _a9710855085 | ||
| 050 |
_aLB 2369 _b.C27 2008 |
||
| 100 | _aCalderon, Jose F. | ||
| 245 |
_aMethods of research and thesis writing / _c Jose F. Calderon ; Expectacion C. Gonzales, coordinator |
||
| 260 |
_aMandaluyong City : _bNational Book Store, _c2008. |
||
| 300 |
_a 263 p. : _c22 cm. _bill. ; |
||
| 521 | _aEDU | ||
| 562 | _e1 | ||
| 942 |
_2lcc _cBK _kFOR |
||
| 999 |
_c39185 _d39185 |
||